000 00296nam a2200121Ia 4500
005 20251222143319.0
008 251222s9999||||xx |||||||||||||| ||spa||
082 _a291.4/N39
100 _aNavarro, Rafael
245 0 _aLa obra del EspĂ­ritu:
264 _bParroquia El Buen Pastor
942 _cLIB
999 _c15998
_d15998